000 00297nam a2200109Ia 4500
008 180219s9999 xx 000 0 und d
020 _a9780764179358
100 _aLougheed, Lin
245 _aBarron's IELTS :
_bInternational english language testing system
260 _c2006
300 _a346 pages
999 _c355920
_d355920